Property in the human body and its parts reflections on self-determination in liberal society

Na minha lista:
Detalhes bibliográficos
Autor principal: George, Alexandra
Formato: Livro
Idioma:inglês
Publicado em: San Domenico (FI) European University Institute 2001
Colecção:EUI Working paper LAW No. 2001/8
Assuntos:
Tags: Adicionar Tag
Sem tags, seja o primeiro a adicionar uma tag!

MARC

LEADER 00000nam a2200000 4500
001 c132603
005 20221124104755.6
041 0 |a eng 
044 |a IT 
245 1 0 |a Property in the human body and its parts  |b reflections on self-determination in liberal society  |c Alexandra George 
264 1 |a San Domenico (FI)  |b European University Institute  |c 2001 
300 |a 86 s. 
490 1 |a EUI Working paper LAW  |v No. 2001/8 
830 0 |a EUI Working paper LAW  |v No. 2001/8 
610 2 0 |a zákony 
610 2 0 |a legislatíva 
610 2 0 |a vlastníctvo 
610 2 0 |a problémy spoločenské 
100 1 |a George, Alexandra